| Tag |
First Indicator |
Second Indicator |
Subfields |
| LEADER |
00000cam a2200000 a 4500 |
| 001 |
in00002385196 |
| 005 |
20151109075632.0 |
| 008 |
080602s2008 it 000 1 ita d |
| 010 |
|
|
|a 2008355603
|
| 020 |
|
|
|a 9788860887924
|
| 020 |
|
|
|a 8860887925
|
| 035 |
|
|
|a (OCoLC)ocn230710941
|
| 040 |
|
|
|a ItFiC
|c C3L
|d DLC
|d TXA
|d UtOrBLW
|
| 042 |
|
|
|a lccopycat
|
| 043 |
|
|
|a e-it---
|
| 049 |
|
|
|a TXAM
|
| 050 |
0 |
0 |
|a PQ4879.A65639
|b V64 2008
|
| 082 |
0 |
0 |
|a 853
|2 21
|
| 100 |
1 |
|
|a Santagata, Marco.
|
| 245 |
1 |
0 |
|a Voglio una vita come la mia /
|c Marco Santagata.
|
| 264 |
|
1 |
|a Parma :
|b Ugo Guanda,
|c [2008]
|
| 264 |
|
4 |
|c ©2008
|
| 300 |
|
|
|a 158 pages ;
|c 22 cm.
|
| 336 |
|
|
|a text
|b txt
|2 rdacontent
|
| 337 |
|
|
|a unmediated
|b n
|2 rdamedia
|
| 338 |
|
|
|a volume
|b nc
|2 rdacarrier
|
| 490 |
1 |
|
|a Narratori della fenice
|
| 830 |
|
0 |
|a Narratori della fenice.
|
| 856 |
4 |
1 |
|3 Table of contents
|u http://www.loc.gov/catdir/toc/casalini07/08102767.pdf
|t 0
|
| 948 |
|
|
|a cataloged
|b h
|c 2008/7/2
|d c
|e dmitchel
|f 8:10:20 am
|
| 994 |
|
|
|a C0
|b TXA
|
| 999 |
|
|
|a MARS
|
| 999 |
f |
f |
|s 43f1bc38-e222-3b8c-85e2-080bc8278267
|i 639f52d8-ef06-30c9-8a3a-25622fded984
|t 0
|
| 952 |
f |
f |
|p normal
|a Texas A&M University
|b College Station
|c Sterling C. Evans Library
|d Evans: Library Stacks
|t 0
|e PQ4879.A65639 V64 2008
|h Library of Congress classification
|i unmediated -- volume
|m A14837232952
|
| 998 |
f |
f |
|a PQ4879.A65639 V64 2008
|t 0
|l Evans: Library Stacks
|